[Event "83rd YMCA Autumn B"]
[Site "Warszawa"]
[Date "2010.11.18"]
[Round "8"]
[White "Krasiewicz, Robert"]
[Black "Grochulski, Grzegorz"]
[Result "1-0"]
[WhiteElo "2035"]
[BlackElo "2018"]
[PlyCount "25"]
[EventDate "2010.09.23"]
[EventType "tourn"]
[EventRounds "1"]
[EventCountry "POL"]
[SourceDate "2010.10.05"]

1. d4 c5 2. Nf3 cxd4 3. Nxd4 d5 4. Nb5 e5 5. Qxd5 Bb4+ 6. N1c3 Nc6 7. Qxd8+
Kxd8 8. Bg5+ f6 9. O-O-O+ Bd7 10. Be3 Nge7 11. g3 Nf5 12. Bh3 g6 13. Ne4 1-0

[Event "83rd YMCA Autumn B"]
[Site "Warszawa"]
[Date "2010.11.18"]
[Round "8"]
[White "Rogalski, Krzysztof"]
[Black "Skladzien, Romuald"]
[Result "1-0"]
[WhiteElo "1927"]
[BlackElo "1937"]
[PlyCount "129"]
[EventDate "2010.09.23"]
[EventType "tourn"]
[EventRounds "1"]
[EventCountry "POL"]
[SourceDate "2010.10.05"]

1. d4 Nf6 2. c4 e6 3. Nf3 Bb4+ 4. Nbd2 d5 5. e3 O-O 6. Be2 dxc4 7. Bxc4 b6 8.
O-O Bb7 9. Ne5 Nbd7 10. Ndf3 Bd6 11. Qe2 c5 12. Rd1 Qc7 13. Nxd7 Nxd7 14. h3
Nf6 15. b3 cxd4 16. exd4 Nd5 17. Bb2 Qe7 18. g3 Nc7 19. Ne5 f6 20. Ng4 Qd7 21.
Rac1 b5 22. Bd3 a6 23. Ne3 Nd5 24. Nxd5 Bxd5 25. Be4 Rfe8 26. Qf3 Bb4 27. a3
Ba5 28. Bxd5 exd5 29. Rc5 Re4 30. Kg2 Rae8 31. Rc2 Bb6 32. Rd3 f5 33. Rcd2 g6
34. Bc3 Bc7 35. Bb4 h5 36. Re3 f4 37. Ree2 Qe6 38. Rxe4 dxe4 39. Qc3 f3+ 40.
Kh2 e3 41. fxe3 Bb8 42. d5 Qd7 43. Qf6 Kh7 44. Qxf3 h4 45. d6 hxg3+ 46. Qxg3
Ba7 47. Qh4+ Kg8 48. Bc3 Rf8 49. Qh8+ Kf7 50. Qg7+ Ke8 51. Qxg6+ Kd8 52. Ba5+
Kc8 53. Rc2+ Kb8 54. Bc7+ Kc8 55. Qe4 Qf5 56. Qxf5+ Rxf5 57. Bb6+ Kb7 58. Bxa7
Kxa7 59. Rd2 Rf8 60. e4 Kb7 61. e5 Kc8 62. e6 Rf6 63. Re2 Kd8 64. e7+ Ke8 65.
d7+ 1-0

[Event "83rd YMCA Autumn B"]
[Site "Warszawa"]
[Date "2010.11.18"]
[Round "8"]
[White "Sielicki, Tomasz"]
[Black "Sujkowski, Pawel"]
[Result "1/2-1/2"]
[WhiteElo "2022"]
[BlackElo "1938"]
[PlyCount "78"]
[EventDate "2010.09.23"]
[EventType "tourn"]
[EventRounds "1"]
[EventCountry "POL"]
[SourceDate "2010.10.05"]

1. d4 d5 2. c4 c6 3. e3 e6 4. Nf3 Nd7 5. Nc3 Ngf6 6. Qc2 Bd6 7. g4 Nxg4 8. Rg1
Qf6 9. Rxg4 Qxf3 10. Rxg7 Nf6 11. Rg5 Ne4 12. Nxe4 Qxe4 13. Qxe4 dxe4 14. Bd2
f5 15. Be2 Bd7 16. Bh5+ Kf8 17. O-O-O Be7 18. Rg2 Be8 19. Be2 Rg8 20. Rdg1 Rg6
21. f3 exf3 22. Bxf3 Rd8 23. Bc3 Bf6 24. Kc2 Rxg2+ 25. Rxg2 Bg6 26. Kb3 Kf7 27.
a4 Re8 28. c5 e5 29. Be2 exd4 30. Bc4+ Kf8 31. Bxd4 Bxd4 32. exd4 Re3+ 33. Kc2
f4+ 34. Kd2 Re4 35. Kc3 Ke7 36. d5 Re3+ 37. Kd4 Re4+ 38. Kc3 Re3+ 39. Kd4 Re4+
1/2-1/2

[Event "83rd YMCA Autumn B"]
[Site "Warszawa"]
[Date "2010.12.07"]
[Round "9"]
[White "Sujkowski, Pawel"]
[Black "Rzepecka, Dorota"]
[Result "1-0"]
[WhiteElo "1938"]
[BlackElo "1888"]
[PlyCount "111"]
[EventDate "2010.09.23"]
[EventType "tourn"]
[EventRounds "1"]
[EventCountry "POL"]
[SourceDate "2010.10.05"]

1. e4 d5 2. exd5 Qxd5 3. Nc3 Qd6 4. d4 a6 5. Bc4 Nc6 6. Nf3 Bf5 7. Be3 e6 8.
Qe2 Nb4 9. Bb3 O-O-O 10. Ne5 Bg6 11. O-O-O Nf6 12. h4 Qe7 13. Bg5 h6 14. Nxg6
fxg6 15. Qxe6+ Kb8 16. Qxe7 Bxe7 17. Bf4 Nbd5 18. Nxd5 Nxd5 19. Bxd5 Rxd5 20.
Be5 Rf8 21. f4 Bf6 22. g3 g5 23. hxg5 hxg5 24. Bxf6 Rxf6 25. Rh8+ Ka7 26. Rh5
Rff5 27. Rxg5 Rxg5 28. fxg5 Rxg5 29. Rd3 Kb6 30. Kd2 c5 31. c3 cxd4 32. cxd4
Kc6 33. Rf3 Kd5 34. Kd3 g6 35. Re3 Rf5 36. a4 b5 37. axb5 axb5 38. Kc3 Rg5 39.
Re5+ Rxe5 40. dxe5 Kxe5 41. Kb4 Kf5 42. Kxb5 Kg4 43. Kc4 Kxg3 44. b4 g5 45. b5
g4 46. b6 Kf2 47. b7 g3 48. b8=Q g2 49. Qf4+ Ke2 50. Qg3 Kf1 51. Qf3+ Kg1 52.
Kd3 Kh2 53. Qf2 Kh1 54. Qh4+ Kg1 55. Ke3 Kf1 56. Qf2# 1-0

[Event "83rd YMCA Autumn B"]
[Site "Warszawa"]
[Date "2010.11.30"]
[Round "9"]
[White "Skladzien, Romuald"]
[Black "Sielicki, Tomasz"]
[Result "0-1"]
[WhiteElo "1937"]
[BlackElo "2022"]
[PlyCount "42"]
[EventDate "2010.09.23"]
[EventType "tourn"]
[EventRounds "1"]
[EventCountry "POL"]
[SourceDate "2010.10.05"]

1. d4 d6 2. c4 e5 3. d5 f5 4. Nc3 Nf6 5. b3 Be7 6. Bb2 O-O 7. Nf3 c5 8. dxc6
bxc6 9. e3 Nbd7 10. Be2 Nc5 11. O-O Qe8 12. Qc2 Qg6 13. Rad1 Nfe4 14. Nd2 Bh4
15. Bf3 Nxc3 16. Bxc3 e4 17. Be2 f4 18. exf4 Bh3 19. g3 Rxf4 20. Bd4 Nd3 21.
Nxe4 Qxe4 0-1

[Event "83rd YMCA Autumn B"]
[Site "Warszawa"]
[Date "2010.12.01"]
[Round "9"]
[White "Grochulski, Grzegorz"]
[Black "Rogalski, Krzysztof"]
[Result "1-0"]
[WhiteElo "2018"]
[BlackElo "1927"]
[PlyCount "29"]
[EventDate "2010.09.23"]
[EventType "tourn"]
[EventRounds "1"]
[EventCountry "POL"]
[SourceDate "2010.10.05"]

1. e4 c5 2. Nf3 e6 3. d4 cxd4 4. Nxd4 a6 5. Bd3 Nf6 6. O-O Qc7 7. Nd2 Nc6 8. c3
Be7 9. f4 d6 10. Kh1 O-O 11. Qe1 Rd8 12. N2f3 Rb8 13. a4 b6 14. e5 Nd7 15. Qe4
1-0

[Event "83rd YMCA Autumn B"]
[Site "Warszawa"]
[Date "2010.10.15"]
[Round "9"]
[White "Szymczak, Rafal"]
[Black "Krasiewicz, Robert"]
[Result "1-0"]
[WhiteElo "2045"]
[BlackElo "2035"]
[PlyCount "145"]
[EventDate "2010.09.23"]
[EventType "tourn"]
[EventRounds "1"]
[EventCountry "POL"]
[SourceDate "2010.10.05"]

1. f4 g6 2. Nf3 d5 3. g3 c6 4. Bg2 Qb6 5. e3 Bg7 6. Nc3 Nh6 7. O-O O-O 8. Kh1
Nd7 9. d3 f5 10. e4 Bxc3 11. bxc3 dxe4 12. dxe4 Ng4 13. Qe2 Ndf6 14. Ng5 h6 15.
exf5 hxg5 16. fxg5 Bxf5 17. gxf6 exf6 18. Bf3 Rae8 19. Qc4+ Be6 20. Qd4 Ne5 21.
Bg2 Bc4 22. Re1 Rd8 23. Qh4 Rd7 24. Bh6 g5 25. Bxg5 Rh7 26. Bh6 Bd5 27. Rxe5
Bxg2+ 28. Kxg2 Rxh6 29. Qg4+ Kh8 30. Re7 Rh7 31. Rae1 Qd8 32. Rxh7+ Kxh7 33.
Qh5+ Kg7 34. Re4 Qd5 35. Qxd5 cxd5 36. Re7+ Kg6 37. Rxb7 Rc8 38. Rb3 Rc4 39.
Kf3 Ra4 40. a3 Rc4 41. Ke3 Kf5 42. h3 Ke5 43. Kd3 Ra4 44. Ke3 a6 45. h4 Kf5 46.
Kf3 Rc4 47. Kg2 a5 48. Kh3 Ke5 49. h5 f5 50. Rb6 Rxc3 51. h6 Rxc2 52. h7 Rc8
53. Kh4 Rh8 54. Rb7 d4 55. Kg5 d3 56. Kg6 Rd8 57. Rb5+ Ke4 58. Rxf5 d2 59. Rf1
Rd6+ 60. Kh5 Rd5+ 61. Kg4 Rd8 62. Rd1 Ke3 63. Kf5 Ke2 64. Rxd2+ Kxd2 65. g4 Kc3
66. g5 Kb3 67. g6 Kxa3 68. g7 a4 69. h8=Q Rxh8 70. gxh8=Q Ka2 71. Qh2+ Kb1 72.
Ke4 a3 73. Kd3 1-0

[Event "83rd YMCA Autumn B"]
[Site "Warszawa"]
[Date "2010.11.25"]
[Round "9"]
[White "Kosny, Marek"]
[Black "Kadzinski, Wieslaw"]
[Result "1/2-1/2"]
[WhiteElo "1993"]
[BlackElo "1996"]
[PlyCount "58"]
[EventDate "2010.09.23"]
[EventType "tourn"]
[EventRounds "1"]
[EventCountry "POL"]
[SourceDate "2010.10.05"]

1. c4 g6 2. g3 Bg7 3. Bg2 d6 4. Nc3 e5 5. Nf3 Nf6 6. O-O O-O 7. d4 Nbd7 8. h3
c6 9. Bg5 h6 10. Be3 e4 11. Nh2 d5 12. Qd2 Kh7 13. cxd5 cxd5 14. f3 exf3 15.
exf3 Nb6 16. b3 Bd7 17. g4 Re8 18. Rae1 Rc8 19. g5 Nh5 20. gxh6 Rxe3 21. hxg7
Rxe1 22. Rxe1 Kxg7 23. Ng4 g5 24. Re5 f6 25. Re3 Nf4 26. Ne2 Ng6 27. Ng3 Nf4
28. Bf1 Qf8 29. Qe1 Qd6 1/2-1/2

[Event "83rd YMCA Autumn B"]
[Site "Warszawa"]
[Date "2010.11.25"]
[Round "9"]
[White "Suchocki, Tomasz"]
[Black "Kielar, Maciej"]
[Result "1-0"]
[WhiteElo "1976"]
[BlackElo "2029"]
[PlyCount "157"]
[EventDate "2010.09.23"]
[EventType "tourn"]
[EventRounds "1"]
[EventCountry "POL"]
[SourceDate "2010.10.05"]

1. d4 g6 2. e4 Bg7 3. c4 c5 4. d5 b5 5. Nf3 Nf6 6. Qc2 d6 7. cxb5 a6 8. b6 O-O
9. Be2 Qxb6 10. O-O Bd7 11. Nbd2 Bb5 12. Nc4 Qb7 13. Bd2 Nbd7 14. Ba5 Rab8 15.
Rab1 Nh5 16. Rfd1 Nf4 17. Bf1 h6 18. g3 Nh5 19. Bc3 Nhf6 20. Na5 Qc7 21. Bg2
Nb6 22. Nd2 Na4 23. Ndc4 Nxc3 24. bxc3 Qd7 25. Nc6 Bxc6 26. dxc6 Qe6 27. Nb6
Ng4 28. c7 Rbe8 29. Bh3 f5 30. exf5 gxf5 31. Qb3 Kf7 32. Qxe6+ Kxe6 33. Re1+
Kf7 34. Rb3 Ne5 35. Bg2 Rc8 36. Nxc8 Rxc8 37. Rb7 e6 38. Reb1 Ke7 39. R1b6 a5
40. Ra7 Kd7 41. Rb8 Bf6 42. Rxc8 Kxc8 43. Rxa5 Kxc7 44. Ra7+ Kb6 45. Rh7 d5 46.
Rxh6 Nd7 47. Rh7 Kc7 48. c4 dxc4 49. Bf1 Kd6 50. Bxc4 Nb6 51. Rf7 Bd4 52. Bb3
c4 53. Bd1 Nd7 54. Rxd7+ Kxd7 55. Kf1 e5 56. Ke2 Bc3 57. Bc2 Ke6 58. f3 Kf6 59.
h4 Bb4 60. Kd1 Ba5 61. g4 e4 62. g5+ Ke5 63. fxe4 fxe4 64. g6 Kf6 65. Bxe4 Bc3
66. Kc2 Bd4 67. Kd1 Kg7 68. Ke2 Kh6 69. Kf3 Kh5 70. Kg3 Be5+ 71. Kh3 Bd4 72. a4
Be5 73. a5 Bd4 74. a6 Kh6 75. Kg4 Be3 76. Bc2 Kg7 77. Kf5 Bd4 78. Ke6 Ba7 79.
Kd5 1-0

[Event "83rd YMCA Autumn B"]
[Site "Warszawa"]
[Date "2010.12.02"]
[Round "10"]
[White "Rzepecka, Dorota"]
[Black "Kielar, Maciej"]
[Result "0-1"]
[WhiteElo "1888"]
[BlackElo "2029"]
[PlyCount "40"]
[EventDate "2010.09.23"]
[EventType "tourn"]
[EventRounds "1"]
[EventCountry "POL"]
[SourceDate "2010.10.05"]

1. Nf3 g6 2. e4 c5 3. c3 d5 4. exd5 Qxd5 5. d4 Nf6 6. Be2 cxd4 7. cxd4 Bg7 8.
Nc3 Qa5 9. O-O O-O 10. Bd2 Nbd7 11. Nb5 Qb6 12. Qa4 Nd5 13. Ba5 Qf6 14. Rfe1
N7b6 15. Qa3 Bg4 16. Rad1 Nf4 17. Bf1 Nh3+ 18. gxh3 Bxf3 19. Bg2 Bxg2 20. Kxg2
Qg5+ 0-1

[Event "83rd YMCA Autumn B"]
[Site "Warszawa"]
[Date "2010.12.02"]
[Round "10"]
[White "Kadzinski, Wieslaw"]
[Black "Jarmula, Pawel"]
[Result "0-1"]
[WhiteElo "1996"]
[BlackElo "1977"]
[Annotator "Admin"]
[PlyCount "74"]
[EventDate "2010.09.23"]
[EventType "tourn"]
[EventRounds "1"]
[EventCountry "POL"]
[SourceDate "2010.10.05"]

1. e4 c6 2. d4 d5 3. e5 Bf5 4. Nc3 e6 5. g4 Bg6 6. Nge2 c5 7. h4 h5 8. Nf4 Nc6
9. Nxg6 fxg6 10. Be3 Nge7 11. Nb5 cxd4 12. Nd6+ Kd7 13. Nf7 $11 Qb6 14. Bd2 Rg8
15. gxh5 gxh5 16. Qxh5 Qxb2 17. Rc1 g6 18. Qg5 Nf5 19. Bd3 Be7 20. Qf4 Raf8 21.
Ng5 Ne3 22. Qg3 Bb4 23. Ke2 Bxd2 24. Kxd2 Qc3+ 25. Ke2 Nc4 26. Bxc4 Qxc4+ 27.
Kd2 Rf5 28. f4 d3 29. cxd3 Qxf4+ 30. Qxf4 Rxf4 31. Ke3 Rgf8 32. h5 d4+ 33. Ke2
Rf2+ 34. Ke1 Nxe5 35. Rd1 gxh5 36. Rxh5 Rf1+ 37. Kd2 R8f2+ 0-1

[Event "83rd YMCA Autumn B"]
[Site "Warszawa"]
[Date "2010.12.02"]
[Round "10"]
[White "Krasiewicz, Robert"]
[Black "Kosny, Marek"]
[Result "1-0"]
[WhiteElo "2035"]
[BlackElo "1993"]
[PlyCount "51"]
[EventDate "2010.09.23"]
[EventType "tourn"]
[EventRounds "1"]
[EventCountry "POL"]
[SourceDate "2010.10.05"]

1. d4 d5 2. c4 e6 3. Nf3 Nf6 4. Qc2 Nbd7 5. e3 Be7 6. Nc3 O-O 7. b3 c5 8. Bd3
Re8 9. O-O Bf8 10. Bb2 cxd4 11. exd4 dxc4 12. bxc4 Qa5 13. Rfe1 g6 14. Ne5 a6
15. f4 Qc7 16. Ne4 Nxe4 17. Bxe4 Nf6 18. Bf3 Bd7 19. Rac1 Red8 20. Kh1 Bc6 21.
d5 exd5 22. Nxg6 d4 23. Nxf8 Kxf8 24. Qf5 Qd6 25. c5 Bd7 26. Qg5 1-0

[Event "83rd YMCA Autumn B"]
[Site "Warszawa"]
[Date "2010.11.30"]
[Round "10"]
[White "Rogalski, Krzysztof"]
[Black "Szymczak, Rafal"]
[Result "0-1"]
[WhiteElo "1927"]
[BlackElo "2045"]
[PlyCount "88"]
[EventDate "2010.09.23"]
[EventType "tourn"]
[EventRounds "1"]
[EventCountry "POL"]
[SourceDate "2010.10.05"]

1. d4 f5 2. Nf3 g6 3. c4 Nf6 4. Nc3 Bg7 5. Qd3 d6 6. e4 fxe4 7. Nxe4 Nc6 8. Be2
Nxe4 9. Qxe4 Bf5 10. Qf4 O-O 11. Qd2 e5 12. dxe5 dxe5 13. O-O e4 14. Ne1 Qxd2
15. Bxd2 Rad8 16. Be3 Bd4 17. Nc2 Bxe3 18. Nxe3 Rd2 19. Rfe1 Nd4 20. Bg4 Rxb2
21. Bxf5 gxf5 22. Rab1 Rxb1 23. Rxb1 b6 24. c5 Kg7 25. cxb6 axb6 26. Rd1 c5 27.
Rb1 b5 28. Kf1 Ra8 29. Rb2 Kf6 30. Nd5+ Ke5 31. Nc3 b4 32. Nb1 Ra4 33. Nd2 Kd5
34. Nb3 c4 35. Nxd4 Kxd4 36. Ke2 c3 37. Rc2 Kc4 38. f3 exf3+ 39. gxf3 f4 40. h4
h5 41. Kd1 b3 42. axb3+ Kxb3 43. Rc1 Rd4+ 44. Ke1 Kb2 0-1

[Event "83rd YMCA Autumn B"]
[Site "Warszawa"]
[Date "2010.12.02"]
[Round "10"]
[White "Sielicki, Tomasz"]
[Black "Grochulski, Grzegorz"]
[Result "1/2-1/2"]
[WhiteElo "2022"]
[BlackElo "2018"]
[PlyCount "66"]
[EventDate "2010.09.23"]
[EventType "tourn"]
[EventRounds "1"]
[EventCountry "POL"]
[SourceDate "2010.10.05"]

1. d4 d6 2. Nf3 g6 3. Bg5 Bg7 4. c3 h6 5. Bh4 Nf6 6. Nbd2 g5 7. Bg3 Bf5 8. Qb3
Nbd7 9. e3 O-O 10. Be2 Rb8 11. O-O b5 12. Rfe1 c5 13. Bf1 Nh5 14. a4 Nxg3 15.
hxg3 b4 16. Qd1 bxc3 17. bxc3 Qa5 18. Ra3 Nb6 19. Qa1 cxd4 20. cxd4 Rfc8 21.
Rc1 Rxc1 22. Qxc1 Rc8 23. Qa1 g4 24. Nb3 Qb4 25. Nfd2 Be6 26. a5 Bxb3 27. axb6
Bd5 28. bxa7 Qxd2 29. a8=Q Bxa8 30. Rxa8 Qc2 31. Bd3 Qc6 32. Be4 Rxa8 33. Qxa8+
Qxa8 1/2-1/2

[Event "83rd YMCA Autumn B"]
[Site "Warszawa"]
[Date "2010.12.02"]
[Round "10"]
[White "Sujkowski, Pawel"]
[Black "Skladzien, Romuald"]
[Result "1-0"]
[WhiteElo "1938"]
[BlackElo "1937"]
[PlyCount "127"]
[EventDate "2010.09.23"]
[EventType "tourn"]
[EventRounds "1"]
[EventCountry "POL"]
[SourceDate "2010.10.05"]

1. e4 c6 2. d4 d5 3. Nd2 dxe4 4. Nxe4 Bf5 5. Ng3 Bg6 6. h4 h6 7. Nh3 e6 8. Nf4
Bh7 9. Bc4 Bd6 10. Ngh5 Bf8 11. O-O g6 12. Re1 gxh5 13. Qxh5 Ne7 14. Bxe6 Bg6
15. Nxg6 fxg6 16. Qf3 Rh7 17. c3 Na6 18. Bf4 Nc7 19. Bb3 Qd7 20. d5 cxd5 21.
Qe3 O-O-O 22. Qxa7 Nc6 23. Qe3 Re7 24. Qg3 Rxe1+ 25. Rxe1 Bd6 26. Rd1 Bxf4 27.
Qxf4 h5 28. f3 Qd6 29. Qg5 Ne7 30. Re1 Nf5 31. f4 Rf8 32. Bc2 Qf6 33. Bxf5+
Qxf5 34. Qxf5+ Rxf5 35. g3 Kd7 36. Kf2 Ne6 37. Kf3 Nc5 38. Rd1 Kc6 39. Rd4 b5
40. b3 Rf7 41. a4 bxa4 42. bxa4 Ra7 43. c4 dxc4 44. Rxc4 Kd5 45. Rb4 Nxa4 46.
g4 Rf7 47. Rxa4 Rh7 48. Ra6 hxg4+ 49. Kxg4 Rh6 50. Kg3 Ke4 51. Kg4 Kd5 52. Rf6
Ke4 53. Rd6 Ke3 54. Re6+ Kd4 55. Kg5 Rh5+ 56. Kxg6 Rxh4 57. f5 Kd5 58. Re1 Rg4+
59. Kf7 Ra4 60. f6 Ra7+ 61. Kg6 Ra6 62. Kg7 Ra2 63. f7 Rg2+ 64. Kf8 1-0

[Event "83rd YMCA Autumn B"]
[Site "Warszawa"]
[Date "2010.12.09"]
[Round "11"]
[White "Skladzien, Romuald"]
[Black "Rzepecka, Dorota"]
[Result "0-1"]
[WhiteElo "1937"]
[BlackElo "1888"]
[PlyCount "29"]
[EventDate "2010.09.23"]
[EventType "tourn"]
[EventRounds "1"]
[EventCountry "POL"]
[SourceDate "2010.10.05"]

1. c4 Nf6 2. Nc3 e6 3. d4 d5 4. Nf3 Be7 5. Bf4 a6 6. e3 O-O 7. h3 dxc4 8. Bxc4
b5 9. Bd3 Bb7 10. Rc1 Nbd7 11. O-O c5 12. dxc5 Nxc5 13. Be2 Qa5 14. Nd4 b4 15.
Nb3 0-1

[Event "83rd YMCA Autumn B"]
[Site "Warszawa"]
[Date "2010.12.09"]
[Round "11"]
[White "Grochulski, Grzegorz"]
[Black "Sujkowski, Pawel"]
[Result "1-0"]
[WhiteElo "2018"]
[BlackElo "1938"]
[PlyCount "53"]
[EventDate "2010.09.23"]
[EventType "tourn"]
[EventRounds "1"]
[EventCountry "POL"]
[SourceDate "2010.10.05"]

1. e4 e6 2. d3 c5 3. Nf3 g6 4. d4 Bg7 5. dxc5 Qa5+ 6. c3 Qxc5 7. Na3 a6 8. Nc4
Bh6 9. b4 Qc6 10. Qd4 f6 11. Bxh6 Nxh6 12. Qxf6 Rf8 13. Qd4 Rf4 14. Bd3 d5 15.
Nfe5 Qc7 16. Qb6 Kd8 17. Qe3 g5 18. exd5 exd5 19. Nd2 Qxc3 20. O-O Nc6 21.
Nxc6+ bxc6 22. Rfe1 Bd7 23. Qb6+ Kc8 24. Bxa6+ Rxa6 25. Qxa6+ Kc7 26. Qa7+ Kd6
27. Qb8# 1-0

[Event "83rd YMCA Autumn B"]
[Site "Warszawa"]
[Date "2010.12.10"]
[Round "11"]
[White "Szymczak, Rafal"]
[Black "Sielicki, Tomasz"]
[Result "1-0"]
[WhiteElo "2045"]
[BlackElo "2022"]
[PlyCount "61"]
[EventDate "2010.09.23"]
[EventType "tourn"]
[EventRounds "1"]
[EventCountry "POL"]
[SourceDate "2010.10.05"]

1. f4 d5 2. d3 Nf6 3. g3 Nc6 4. Nf3 Bg4 5. Bg2 Bxf3 6. Bxf3 e5 7. c4 Bb4+ 8.
Bd2 Bxd2+ 9. Qxd2 e4 10. cxd5 exf3 11. dxc6 O-O 12. cxb7 Rb8 13. exf3 Re8+ 14.
Kf2 Qd4+ 15. Kg2 Nd5 16. h4 Rxb7 17. Nc3 Reb8 18. Rab1 Ne3+ 19. Kh3 Nc4 20. Qc2
Nxb2 21. Rhe1 h5 22. Re5 Qd7+ 23. f5 c6 24. Ne4 Nxd3 25. Rxb7 Rxb7 26. Qxd3 Qc8
27. Qa6 Rc7 28. Qxc8+ Rxc8 29. f6 g6 30. Nd6 Kf8 31. Nxc8 1-0

[Event "83rd YMCA Autumn B"]
[Site "Warszawa"]
[Date "2010.12.07"]
[Round "11"]
[White "Kosny, Marek"]
[Black "Rogalski, Krzysztof"]
[Result "1-0"]
[WhiteElo "1993"]
[BlackElo "1927"]
[PlyCount "55"]
[EventDate "2010.09.23"]
[EventType "tourn"]
[EventRounds "1"]
[EventCountry "POL"]
[SourceDate "2010.10.05"]

1. Nf3 d5 2. d4 Nf6 3. c4 e6 4. Nc3 Nbd7 5. Bg5 c6 6. e3 Qa5 7. Bxf6 Nxf6 8.
Nd2 Bb4 9. Qc2 O-O 10. Bd3 Re8 11. O-O dxc4 12. Nxc4 Qh5 13. Ne4 Nxe4 14. Bxe4
Bd7 15. Qb3 Qh4 16. Qxb4 Qxe4 17. Nd6 Qd5 18. Nxe8 Rxe8 19. Qxb7 a5 20. Rac1 f5
21. Rc5 Qd6 22. Rxa5 Bc8 23. Qb6 Bd7 24. Qc5 Qb8 25. Ra7 Qc8 26. Rc1 Rf8 27.
Qd6 Rf7 28. Rc3 1-0

[Event "83rd YMCA Autumn B"]
[Site "Warszawa"]
[Date "2010.12.09"]
[Round "11"]
[White "Jarmula, Pawel"]
[Black "Krasiewicz, Robert"]
[Result "0-1"]
[WhiteElo "1977"]
[BlackElo "2035"]
[PlyCount "66"]
[EventDate "2010.09.23"]
[EventType "tourn"]
[EventRounds "1"]
[EventCountry "POL"]
[SourceDate "2010.10.05"]

1. e4 e6 2. d4 b6 3. c4 Bb7 4. Nc3 Bb4 5. Qd3 Qh4 6. d5 f5 7. exf5 exd5 8. Nf3
Qxc4 9. Qxc4 dxc4 10. Bf4 Bxf3 11. gxf3 d5 12. O-O-O Bxc3 13. bxc3 c6 14. Bh3
Nf6 15. Rhe1+ Kf7 16. Re6 Re8 17. Bxb8 Raxb8 18. Rxc6 b5 19. f4 Rbc8 20. Ra6
Re7 21. Bg2 Rd8 22. Ra5 Rb7 23. Kb2 Ke7 24. Ka3 Rd6 25. Kb4 a6 26. Rd4 Kd7 27.
a4 bxa4+ 28. Kxa4 Rb1 29. Ka3 Rdb6 30. Ka2 R6b2+ 31. Ka3 Rxf2 32. Raxd5+ Nxd5
33. Bxd5 Rb3+ 0-1

[Event "83rd YMCA Autumn B"]
[Site "Warszawa"]
[Date "2010.12.16"]
[Round "12"]
[White "Kadzinski, Wieslaw"]
[Black "Kielar, Maciej"]
[Result "0-1"]
[WhiteElo "1996"]
[BlackElo "2029"]
[PlyCount "68"]
[EventDate "2010.09.23"]
[EventType "tourn"]
[EventRounds "1"]
[EventCountry "POL"]
[SourceDate "2010.10.05"]

1. e4 c5 2. Nf3 g6 3. d4 cxd4 4. Nxd4 Bg7 5. Nc3 Nc6 6. Be3 Nf6 7. Bc4 O-O 8.
Bb3 d6 9. f3 Bd7 10. Qd2 Qa5 11. O-O-O Rfc8 12. h4 h5 13. Kb1 Ne5 14. Bh6 Nc4
15. Bxc4 Rxc4 16. Nb3 Qb4 17. a3 Qb6 18. g4 Bh8 19. e5 dxe5 20. g5 Bf5 21. gxf6
Qxb3 22. fxe7 Rd4 23. Qe2 Re8 24. Bf8 Qb6 25. Nd5 Qc5 26. Ne3 Be6 27. c3 Rxd1+
28. Rxd1 Qb6 29. c4 f5 30. Nd5 Qb3 31. Qc2 Qxc2+ 32. Kxc2 Rc8 33. Ne3 Bf6 34.
Rd8 Rxd8 0-1

[Event "83rd YMCA Autumn B"]
[Site "Warszawa"]
[Date "2010.12.14"]
[Round "12"]
[White "Rogalski, Krzysztof"]
[Black "Jarmula, Pawel"]
[Result "0-1"]
[WhiteElo "1927"]
[BlackElo "1977"]
[PlyCount "78"]
[EventDate "2010.09.23"]
[EventType "tourn"]
[EventRounds "1"]
[EventCountry "POL"]
[SourceDate "2010.10.05"]

1. d4 Nf6 2. c4 g6 3. Nc3 Bg7 4. e4 d6 5. Be2 O-O 6. Nf3 Nbd7 7. O-O e5 8. Bg5
h6 9. Be3 Re8 10. Nd2 Nf8 11. d5 N6h7 12. Rc1 f5 13. f3 f4 14. Bf2 a5 15. a3 g5
16. g4 fxg3 17. hxg3 Nf6 18. Be3 N8h7 19. g4 Nf8 20. Rf2 Ng6 21. Rh2 Nf4 22.
Bf1 h5 23. gxh5 g4 24. h6 Bh8 25. Ne2 gxf3 26. Nxf4 exf4 27. Bxf4 Ng4 28. h7+
Kg7 29. Rh5 Kg6 30. Rh2 Nxh2 31. Bxh2 Qg5+ 32. Kh1 Bg4 33. Bd3 Be5 34. Qg1 Rh8
35. Bxe5 dxe5 36. Qe1 Rxh7+ 37. Kg1 Rah8 38. Nf1 f2+ 39. Qxf2 Qxc1 0-1

[Event "83rd YMCA Autumn B"]
[Site "Warszawa"]
[Date "2010.12.21"]
[Round "12"]
[White "Sielicki, Tomasz"]
[Black "Kosny, Marek"]
[Result "1-0"]
[WhiteElo "2022"]
[BlackElo "1993"]
[PlyCount "71"]
[EventDate "2010.09.23"]
[EventType "tourn"]
[EventRounds "1"]
[EventCountry "POL"]
[SourceDate "2010.10.05"]

1. d4 Nf6 2. Bg5 e6 3. e4 Be7 4. Nc3 Nd5 5. Bxe7 Nxe7 6. Nf3 d5 7. Bd3 Nd7 8.
Qe2 O-O 9. O-O-O c5 10. exd5 Nxd5 11. Nxd5 exd5 12. dxc5 Nxc5 13. Bc4 Be6 14.
Bxd5 Bxd5 15. Qe5 Rc8 16. Qxd5 Qc7 17. Kb1 Rfe8 18. Rhe1 Ne4 19. c3 Nxf2 20.
Rxe8+ Rxe8 21. Rd4 h6 22. Rc4 Qe7 23. Rf4 Ne4 24. Nd4 Nd2+ 25. Kc2 Rd8 26. Rxf7
Nf1 27. Rxe7+ Rxd5 28. Rxb7 Ne3+ 29. Kd3 Nxg2 30. c4 Ra5 31. Ne6 g5 32. c5 Ra6
33. Nd4 Nf4+ 34. Ke4 Ra4 35. c6 Ne6 36. b4 1-0

[Event "83rd YMCA Autumn B"]
[Site "Warszawa"]
[Date "2010.12.16"]
[Round "12"]
[White "Sujkowski, Pawel"]
[Black "Szymczak, Rafal"]
[Result "1/2-1/2"]
[WhiteElo "1938"]
[BlackElo "2045"]
[PlyCount "22"]
[EventDate "2010.09.23"]
[EventType "tourn"]
[EventRounds "1"]
[EventCountry "POL"]
[SourceDate "2010.10.05"]

1. d4 f5 2. Nf3 Nf6 3. c4 g6 4. Nc3 Bg7 5. e3 O-O 6. Be2 d6 7. O-O Nc6 8. d5
Ne5 9. Nd4 c5 10. dxc6 Nxc6 11. b3 Re8 $11 1/2-1/2

[Event "83rd YMCA Autumn B"]
[Site "Warszawa"]
[Date "2010.12.16"]
[Round "12"]
[White "Skladzien, Romuald"]
[Black "Grochulski, Grzegorz"]
[Result "0-1"]
[WhiteElo "1937"]
[BlackElo "2018"]
[PlyCount "70"]
[EventDate "2010.09.23"]
[EventType "tourn"]
[EventRounds "1"]
[EventCountry "POL"]
[SourceDate "2010.10.05"]

1. c4 d6 2. d4 e5 3. dxe5 dxe5 4. Qxd8+ Kxd8 5. Nf3 f6 6. Nc3 Be6 7. e4 c6 8.
Be3 Nd7 9. Be2 Kc7 10. O-O h5 11. a3 Nh6 12. b4 g5 13. Rac1 b6 14. Rfd1 Ng4 15.
Bd2 Rd8 16. Ne1 Kb7 17. f3 Nh6 18. Be3 Be7 19. Nd3 Bxc4 20. Nc5+ Bxc5 21. bxc5
Bxe2 22. Nxe2 Nxc5 23. Rxd8 Rxd8 24. Bxc5 bxc5 25. Rxc5 Nf7 26. Kf2 Rd3 27. a4
Nd8 28. Nc3 Ne6 29. Rc4 Rd2+ 30. Kf1 a5 31. Kg1 Rd4 32. Rxd4 exd4 33. Ne2 Kb6
34. Kf1 Kc5 35. Ke1 Kb4 0-1

[Event "83rd YMCA Autumn B"]
[Site "Warszawa"]
[Date "2010.12.22"]
[Round "13"]
[White "Grochulski, Grzegorz"]
[Black "Rzepecka, Dorota"]
[Result "1-0"]
[WhiteElo "2018"]
[BlackElo "1888"]
[PlyCount "55"]
[EventDate "2010.09.23"]
[EventType "tourn"]
[EventRounds "1"]
[EventCountry "POL"]
[SourceDate "2010.10.05"]

1. e4 e6 2. d3 b6 3. Nf3 Bb7 4. Bf4 d5 5. exd5 Qxd5 6. Bxc7 Nc6 7. Bg3 Nf6 8.
Be2 Nh5 9. O-O Nxg3 10. hxg3 Bc5 11. Nc3 Qf5 12. Qd2 Nd4 13. Nxd4 Bxd4 14. Qf4
Qxf4 15. gxf4 Rc8 16. Nb5 Bxb2 17. Rab1 Rxc2 18. Bd1 Rd2 19. Nd6+ Kd7 20. Nxb7
Rb8 21. Bf3 Kc7 22. Rfd1 Rc2 23. d4 Rxb7 24. Be4 Re2 25. Bd3 Rxf2 26. Kxf2
Bxd4+ 27. Kf3 h6 28. Be4 1-0